Kraje które nie mają McDonalda - Statystyki

Ogólne statystyki
  • Ten quiz został rozwiązany 534 razy
  • Średni wynik to 21 z 52
Statystyki odpowiedzi
Kontynent Kraj % Poprawnych
Azja Korea Północna
69%
Azja Irak
62%
Azja Iran
62%
Afryka Niger
57%
Azja Pakistan
55%
Azja Afganistan
54%
Europa Islandia
53%
Azja Kazachstan
53%
Afryka Nigeria
52%
Azja Tadżykistan
51%
Azja Turkmenistan
51%
Azja Uzbekistan
51%
Afryka Demokratyczna Republika Konga
50%
Afryka Sudan
50%
Azja Kirgistan
49%
Azja Mongolia
49%
Azja Jemen
48%
Azja Nepal
48%
Azja Syria
48%
Afryka Etiopia
47%
Afryka Kenia
44%
Afryka Libia
44%
Afryka Czad
42%
Afryka Sudan Południowy
42%
Afryka Angola
41%
Afryka Madagaskar
41%
Afryka Mali
40%
Afryka Ghana
37%
Afryka Tanzania
37%
Afryka Zambia
37%
Afryka Zimbabwe
37%
Afryka Namibia
36%
Azja Jordania
35%
Afryka Kamerun
35%
Afryka Togo
35%
Azja Bangladesz
34%
Afryka Mauretania
34%
Azja Birma
33%
Afryka Botswana
33%
Afryka Gambia
33%
Afryka Mozambik
33%
Afryka Gabon
32%
Afryka Liberia
32%
Europa Czarnogóra
31%
Afryka Wybrzeże Kości Słoniowej
31%
Ameryka Południowa Boliwia
29%
Europa Macedonia
28%
Europa / Ameryka Północna Grenlandia
25%
Ameryka Środkowa Jamajka
25%
Oceania Papua Nowa Gwinea
24%
Ameryka Środkowa Barbados
19%
Ameryka Środkowa Bermudy
4%
Nie znaleziono quizów pasujących do podanych kryteriów
Rozkład punktacji
Procent ludzi z każdym wynikiem
Percentyl według liczby udzielonych odpowiedzi
Twoja historia wyników
Nie rozwiązałeś tego quizu